| 000 | 01450pam a2200373 a 4500 | ||
|---|---|---|---|
| 001 | 2142290 | ||
| 003 | SISC | ||
| 005 | 20160223090124.0 | ||
| 008 | 980428s1998 nyua c 001 0 eng | ||
| 010 | _a 98022439 | ||
| 020 | _a8172452098 | ||
| 040 |
_aDLC _cDLC _dDLC |
||
| 042 | _alcac | ||
| 050 | 0 | 0 |
_aQC 529.2 _b.D575 199- |
| 082 | 0 | 0 |
_aHS 537.078 _bD63 19 |
| 100 | 1 |
_aDispezio, Michael A. _916081 |
|
| 245 | 1 | 0 |
_aAwesome experiments in electricity & magnetism / _cMichael Dispezio ; illustrated by Catherine Leary. |
| 246 | 3 | 0 | _aAwesome experiments in electricity and magnetism |
| 246 | 3 | 0 | _aElectricity & magnetism |
| 260 |
_aNew York : _bSterling Pub., _cc199-. |
||
| 300 |
_a160 p. : _bill. ; _c24 cm. |
||
| 500 | _aIncludes index. | ||
| 650 | 0 |
_aElectricity _xExperiments _xJuvenile literature. _916082 |
|
| 650 | 0 |
_aMagnetism _xExperiments _xJuvenile literature. _916083 |
|
| 650 | 1 |
_aElectricity _xExperiments. _916084 |
|
| 650 | 1 |
_aMagnetism _xExperiments. _916085 |
|
| 650 | 1 |
_aExperiments. _92007 |
|
| 700 | 1 |
_aLeary, Catherine, _eill. _916086 |
|
| 856 | 4 | 2 |
_3Publisher description _uhttp://www.loc.gov/catdir/description/ste021/98022439.html |
| 906 |
_a7 _bcbc _corignew _d1 _eocip _f19 _gy-gencatlg |
||
| 942 |
_2lcc _cBK |
||
| 999 |
_c10139 _d10139 |
||